
Library Catalogue

| 000 -LEADER | |
|---|---|
| fixed length control field | 03002cam a2200373 i 4500 |
| 001 - CONTROL NUMBER | |
| control field | 18793262 |
| 003 - CONTROL NUMBER IDENTIFIER | |
| control field | OSt |
| 005 - DATE AND TIME OF LATEST TRANSACTION | |
| control field | 20190414142807.0 |
| 008 - FIXED-LENGTH DATA ELEMENTS--GENERAL INFORMATION | |
| fixed length control field | 150923s2016 enk b 001 0 eng |
| 010 ## - LIBRARY OF CONGRESS CONTROL NUMBER | |
| LC control number | 2015037291 |
| 020 ## - INTERNATIONAL STANDARD BOOK NUMBER | |
| International Standard Book Number | 9781849465441 |
| 040 ## - CATALOGING SOURCE | |
| Original cataloging agency | DLC |
| Language of cataloging | eng |
| Transcribing agency | DLC |
| Description conventions | rda |
| Modifying agency | DLC |
| 042 ## - AUTHENTICATION CODE | |
| Authentication code | pcc |
| 043 ## - GEOGRAPHIC AREA CODE | |
| Geographic area code | e----- |
| 050 00 - LIBRARY OF CONGRESS CALL NUMBER | |
| Classification number | KJE6577 |
| Item number | .I45 2016 |
| 082 00 - DEWEY DECIMAL CLASSIFICATION NUMBER | |
| Classification number | 343.2407/1 |
| Edition number | 23 |
| 245 04 - TITLE STATEMENT | |
| Title | The images of the consumer in EU law : |
| Remainder of title | legislation, free movement and competition law / |
| Statement of responsibility, etc. | edited by Dorota Leczykiewicz and Stephen Weatherill. |
| 264 #1 - PRODUCTION, PUBLICATION, DISTRIBUTION, MANUFACTURE, AND COPYRIGHT NOTICE | |
| Place of production, publication, distribution, manufacture | Oxford ; |
| -- | Portland, Oregon : |
| Name of producer, publisher, distributor, manufacturer | Hart Publishing, |
| Date of production, publication, distribution, manufacture, or copyright notice | 2016. |
| 300 ## - PHYSICAL DESCRIPTION | |
| Extent | xv, 470 pages ; |
| Dimensions | 24 cm. |
| 336 ## - CONTENT TYPE | |
| Content type term | text |
| Source | rdacontent |
| 337 ## - MEDIA TYPE | |
| Media type term | unmediated |
| Source | rdamedia |
| 338 ## - CARRIER TYPE | |
| Carrier type term | volume |
| Source | rdacarrier |
| 490 0# - SERIES STATEMENT | |
| Series statement | Studies of the Oxford Institute of European and Comparative Law ; |
| Volume/sequential designation | volume 21 |
| 504 ## - BIBLIOGRAPHY, ETC. NOTE | |
| Bibliography, etc. note | Includes bibliographical references and index. |
| 505 0# - FORMATTED CONTENTS NOTE | |
| Formatted contents note | The images of the consumer in EU law / Dorota Leczykiewicz and Stephen Weatherill -- The consumer : marketised, fragmentised, constitutionalised / Hans-W Micklitz -- The images of the "consumer" in EU competition law / Albertina Albors-Llorens and Alison Jones -- Seeking the EU "consumer" in services of general economic interest / Angus Johnston -- Vulnerable consumers in EU law / Norbert Reich -- Changing policy paradigms of EU consumer credit and debt regulation / Iain Ramsay -- The importance of law and harmonisation for the EU's confident consumer / Christian Twigg-Flesner -- Empowerment is not the only fruit / Stephen Weatherill -- Targeted consumer protection / Stefan Grundmann -- The consumer as regulator / Christopher Hodges -- Regulatory cost, the consumer, and the EU constitutional framework / Dorota Leczykiewicz -- Ethical consumption and the internal market / Lucinda Miller -- Conformity of goods, the network society, and the ethical consumer / Hugh Collins -- The consumer, the citizen, and the human being / Gareth Davis -- The image of the consumer in EU trade mark law / Graeme B Dinwoodie and Dev S Gangjee -- The consumer in European regulatory private law / Vanessa Mak -- The Court of Justice's "paradigm consumer" in EU free movement law / Sybe A De Vries -- Europe's (lack of) vision on consumer protection : a case of rhetoric hiding substance? / Geraint Howells -- A short history of consumer policy in the EU / Sidney Freedman. |
| 650 #0 - SUBJECT ADDED ENTRY--TOPICAL TERM | |
| Topical term or geographic name entry element | Consumer protection |
| General subdivision | Law and legislation |
| Geographic subdivision | European Union countries. |
| 650 #0 - SUBJECT ADDED ENTRY--TOPICAL TERM | |
| Topical term or geographic name entry element | Consumers |
| Geographic subdivision | European Union countries. |
| 700 1# - ADDED ENTRY--PERSONAL NAME | |
| Personal name | Leczykiewicz, Dorota, |
| Dates associated with a name | 1979- |
| Relator term | editor. |
| 700 1# - ADDED ENTRY--PERSONAL NAME | |
| Personal name | Weatherill, Stephen, |
| Relator term | editor. |
| 856 ## - ELECTRONIC LOCATION AND ACCESS | |
| Uniform Resource Identifier | <a href="https://www.bloomsburycollections.com/book/the-images-of-the-consumer-in-eu-law-legislation-free-movement-and-competition-law/">https://www.bloomsburycollections.com/book/the-images-of-the-consumer-in-eu-law-legislation-free-movement-and-competition-law/</a> |
| 906 ## - LOCAL DATA ELEMENT F, LDF (RLIN) | |
| a | 7 |
| b | cbc |
| c | orignew |
| d | 1 |
| e | ecip |
| f | 20 |
| g | y-gencatlg |
| 942 ## - ADDED ENTRY ELEMENTS (KOHA) | |
| Source of classification or shelving scheme | Dewey Decimal Classification |
| Koha item type | E-Books - Cambridge, Bloomsbury, Oxford Handbooks & West Academic |
| Withdrawn status | Lost status | Source of classification or shelving scheme | Damaged status | Not for loan | Home library | Current library | Shelving location | Date acquired | Total Checkouts | Full call number | Barcode | Date last seen | Price effective from | Koha item type |
|---|---|---|---|---|---|---|---|---|---|---|---|---|---|---|
| Dewey Decimal Classification | NLS | NLS | 14/04/2019 | 343.2407/1 | EBK-392 | 14/04/2019 | 14/04/2019 | E-Books - Cambridge, Bloomsbury, Oxford Handbooks & West Academic |